[Event "27th Summer Universiade 2013 Kazan,Russ"]
[Site "Kazan,Russia"]
[Date "2013.07.14"]
[Round "8.20"]
[White "Martinez, Ayelen"]
[Black "Yalkanova, Merjen"]
[Result "1-0"]
[WhiteElo "2103"]
[BlackElo "1966"]
[PlyCount "93"]
[EventDate "2013.07.09"]

1. e4 c6 2. d4 d5 3. Nd2 dxe4 4. Nxe4 Nf6 5. Ng5 e6 6. Bc4 c5 7. Ne2 Nc6 8. Nf3
a6 9. a4 cxd4 10. Nexd4 Nxd4 11. Qxd4 Qxd4 12. Nxd4 Bc5 13. Nb3 Ba7 14. O-O Bd7
15. Bd3 O-O 16. h3 Rac8 17. Bd2 h6 18. Na5 b5 19. axb5 Bxb5 20. c4 Rfd8 21. Ra3
Bc6 22. Nxc6 Rxc6 23. Bf4 Bd4 24. b4 e5 25. Bh2 Rb6 26. Rb1 Bc5 27. Bxe5 Rxb4
28. Rd1 Ne4 29. Kh2 Nxf2 30. Bh7+ Kxh7 31. Rxd8 f6 32. Bd6 Ne4 33. Bxc5 Nxc5
34. Rc8 Na4 35. Rc7 a5 36. Rg3 h5 37. c5 Rc4 38. c6 Nb6 39. Rcxg7+ Kh8 40. c7
a4 41. Rg8+ Kh7 42. R3g7+ Kh6 43. Rf7 a3 44. Rxf6+ Kh7 45. Rxb6 a2 46. Ra8 Rc1
47. Rxa2 1-0

[Event "27th Summer Universiade 2013 Kazan,Russ"]
[Site "Kazan,Russia"]
[Date "2013.07.14"]
[Round "8.21"]
[White "Mona, Khaled"]
[Black "Vasile, Teodora"]
[Result "1/2-1/2"]
[WhiteElo "2100"]
[BlackElo "1938"]
[PlyCount "146"]
[EventDate "2013.07.09"]

1. d4 d5 2. Nf3 Nf6 3. e3 e6 4. Bd3 c5 5. c3 Nc6 6. Nbd2 Bd6 7. O-O O-O 8. Qe2
e5 9. dxc5 Bxc5 10. e4 d4 11. Nb3 b6 12. cxd4 Nxd4 13. Nbxd4 Bxd4 14. Nxd4 Qxd4
15. Be3 Qd8 16. f4 Ng4 17. h3 Nxe3 18. Qxe3 Qe7 19. Rac1 Rd8 20. Bc4 Be6 21.
Bxe6 Qxe6 22. f5 Qd6 23. f6 Qd4 24. Qxd4 exd4 25. Rcd1 gxf6 26. Rxf6 Rac8 27.
Rd2 d3 28. Kf2 Rc1 29. Rf3 Rc2 30. Ke3 Rxd2 31. Kxd2 Rd4 32. Re3 Kf8 33. e5 Rd5
34. e6 f6 35. e7+ Ke8 36. Rxd3 Rg5 37. g4 Kxe7 38. Ke3 h5 39. Kf4 hxg4 40. hxg4
Rb5 41. b3 Rb4+ 42. Kf3 Rb5 43. Rd4 Ke6 44. Kf4 Ra5 45. Re4+ Kf7 46. Re2 Kg6
47. Rc2 b5 48. Rc5 Rxa2 49. Rxb5 Rb2 50. Rb7 a5 51. Rb5 Rf2+ 52. Ke3 Rg2 53.
Kf3 Rb2 54. Ke3 Rg2 55. Kd3 Rg3+ 56. Kc2 Rxg4 57. Rxa5 f5 58. Ra4 f4 59. Rc4
Rg2+ 60. Kd3 Rg3+ 61. Kc2 Kf5 62. b4 Rg8 63. b5 f3 64. Kd2 Re8 65. Rc7 Kf4 66.
b6 Re2+ 67. Kc3 Re8 68. b7 Rb8 69. Kd2 Ke5 70. Ke3 Kd6 71. Rh7 Kc6 72. Kxf3
Rxb7 73. Rxb7 Kxb7 1/2-1/2

[Event "27th Summer Universiade 2013 Kazan,Russ"]
[Site "Kazan,Russia"]
[Date "2013.07.14"]
[Round "8.22"]
[White "Jelsen, Yemi"]
[Black "Garcia Morales, Ivette Ale"]
[Result "0-1"]
[WhiteElo "2009"]
[BlackElo "2072"]
[PlyCount "81"]
[EventDate "2013.07.09"]

1. d4 e6 2. c4 Nf6 3. Nc3 Bb4 4. Qc2 O-O 5. a3 Bxc3+ 6. Qxc3 Ne4 7. Qc2 f5 8.
Nf3 b6 9. g3 Bb7 10. Bg2 Nf6 11. O-O Be4 12. Qd2 a5 13. b3 Qe8 14. Bb2 Qh5 15.
b4 Nc6 16. Bc3 d5 17. b5 Ne7 18. c5 Nd7 19. Qf4 Rac8 20. cxb6 Ng6 21. Qd2 cxb6
22. Rac1 Rc4 23. Bb2 Rfc8 24. Rxc4 Rxc4 25. Rc1 f4 26. Ne5 Ndxe5 27. dxe5 fxg3
28. hxg3 Bxg2 29. Kxg2 Rxc1 30. Qxc1 Qxe2 31. Qc8+ Kf7 32. Qd7+ Ne7 33. Bc1
Qxe5 34. Bf4 Qe4+ 35. Kh2 Qf5 36. Qc7 d4 37. Qd6 Nd5 38. Qd7+ Kg6 39. Qd6 d3
40. Be5 d2 41. g4 0-1

[Event "27th Summer Universiade 2013 Kazan,Russ"]
[Site "Kazan,Russia"]
[Date "2013.07.14"]
[Round "8.23"]
[White "Khulan, Enkhsaikhan"]
[Black "Nakhbayeva, Guliskhan"]
[Result "1-0"]
[WhiteElo "1866"]
[BlackElo "2354"]
[PlyCount "161"]
[EventDate "2013.07.09"]

1. c4 e5 2. g3 Nf6 3. Bg2 d5 4. cxd5 Nxd5 5. Nf3 Nc6 6. O-O Be7 7. d4 e4 8. Ne5
Bf5 9. Nxc6 bxc6 10. Nd2 Nf6 11. Nb3 O-O 12. Na5 Qd5 13. Bd2 c5 14. dxc5 Bxc5
15. Bf4 Bxf2+ 16. Rxf2 Qxa5 17. Qc1 Rac8 18. Bd2 Qd5 19. Bb4 c5 20. Bc3 Ne8 21.
Qf4 Bg6 22. e3 Nc7 23. Rd2 Qe6 24. Qe5 Qxe5 25. Bxe5 Na6 26. a3 c4 27. Rd7 Nb8
28. Rb7 Nc6 29. Bc3 Rcd8 30. Bf1 h6 31. Bxc4 Rb8 32. Rxb8 Rxb8 33. Rd1 Rb7 34.
Rd6 Ne7 35. g4 Kh7 36. Ba6 Rc7 37. Bb5 Rc5 38. Bf1 h5 39. Rd7 Nc8 40. gxh5 Bxh5
41. Bg2 Bg6 42. Rd4 Ne7 43. Bxe4 Nf5 44. Bxf5 Bxf5 45. Ra4 Rc7 46. Bd4 Bc2 47.
Rxa7 Rxa7 48. Bxa7 Kg6 49. Bd4 f5 50. Kf2 Kf7 51. h4 g6 52. Ke2 Ke6 53. Kd2 Ba4
54. Kc3 Kd5 55. b3 Be8 56. Bf6 Kc5 57. Be7+ Kb5 58. a4+ Ka6 59. Kb4 Bf7 60. Ka3
Ka5 61. b4+ Kb6 62. b5 Bd5 63. Kb4 Bf3 64. a5+ Ka7 65. a6 Be4 66. Ka5 Kb8 67.
b6 Ka8 68. b7+ Bxb7 69. axb7+ Kxb7 70. Kb5 Kc7 71. Kc5 Kd7 72. Bf6 Ke6 73. Bc3
f4 74. exf4 Kf5 75. Be5 Kg4 76. Bf6 Kxf4 77. Kd6 Kg4 78. Ke6 Kh5 79. Bg5 Kg4
80. Kf6 Kh5 81. Kg7 1-0

[Event "27th Summer Universiade 2013 Kazan,Russ"]
[Site "Kazan,Russia"]
[Date "2013.07.14"]
[Round "8.24"]
[White "Przezdziecka, Marta"]
[Black "Motycakova, Monika"]
[Result "1-0"]
[WhiteElo "2297"]
[BlackElo "2135"]
[PlyCount "155"]
[EventDate "2013.07.09"]

1. d4 d5 2. Nf3 Nf6 3. c4 c6 4. e3 e6 5. Nc3 Nbd7 6. Qc2 Bd6 7. b3 O-O 8. Bb2
b6 9. Bd3 Bb7 10. O-O h6 11. Rad1 Qc7 12. Rfe1 Rad8 13. Rc1 Qb8 14. Qe2 c5 15.
cxd5 cxd4 16. exd4 Nxd5 17. Nxd5 Bxd5 18. Ne5 Nf6 19. f4 Rc8 20. Ba6 Bb7 21.
Bc4 Rc7 22. Rf1 Qc8 23. a3 Bd5 24. Ba6 Bb7 25. Bc4 Bd5 26. g4 Ne4 27. Bd3 f5
28. Nc4 Be7 29. a4 Qb7 30. gxf5 exf5 31. Ne3 Rxc1 32. Rxc1 Be6 33. d5 Bd7 34.
Be5 Bc5 35. b4 Bxe3+ 36. Qxe3 Rc8 37. Rxc8+ Qxc8 38. b5 Qe8 39. Bxe4 fxe4 40.
Qxe4 Qh5 41. d6 Qd1+ 42. Kf2 Bh3 43. Qa8+ Kh7 44. Qe4+ Kg8 45. Qc4+ Kh7 46. Qc3
Bg4 47. Bxg7 Qxd6 48. Be5 Qd7 49. Ke3 Bf5 50. Kf2 Bg4 51. Qe3 Bf5 52. Qc3 Bg4
53. Kg3 Bf5 54. Bd4 Bh3 55. Qe3 Qe6 56. Qf3 Qd7 57. Qe4+ Bf5 58. Qe5 Be6 59.
Qh8+ Kg6 60. Qf6+ Kh7 61. h4 h5 62. Kf2 Qf7 63. Qg5 Bg4 64. Bb2 Qd7 65. Bc3 Qf7
66. Qe5 Qa2+ 67. Bb2 Qf7 68. Ke3 Bf5 69. Kd4 Qd7+ 70. Kc3 Qf7 71. Qd4 Qc7+ 72.
Qc4 Qe7 73. Bc1 Qe1+ 74. Kb2 Qe7 75. Bd2 Kg6 76. Bc3 Kh7 77. Be5 Bg4 78. Qc7
1-0

[Event "27th Summer Universiade 2013 Kazan,Russ"]
[Site "Kazan,Russia"]
[Date "2013.07.14"]
[Round "8.25"]
[White "Dolzhykova, Kateryna"]
[Black "Vivian, Heinrichs"]
[Result "1-0"]
[WhiteElo "2296"]
[BlackElo "1953"]
[PlyCount "47"]
[EventDate "2013.07.09"]

1. e4 c5 2. Nf3 g6 3. c3 Nc6 4. d4 cxd4 5. cxd4 d5 6. exd5 Qxd5 7. Nc3 Qd8 8.
Bc4 Bg7 9. Qb3 Nxd4 10. Nxd4 Bxd4 11. Bxf7+ Kf8 12. Bxg8 Rxg8 13. Bh6+ Bg7 14.
Bxg7+ Rxg7 15. O-O Bd7 16. Qxb7 Rb8 17. Qf3+ Rf7 18. Qd5 Qc8 19. Rac1 Bc6 20.
Qe5 Kg8 21. Nd5 Rb5 22. Nxe7+ Rxe7 23. Qxe7 Qd7 24. Qxd7 1-0

[Event "27th Summer Universiade 2013 Kazan,Russ"]
[Site "Kazan,Russia"]
[Date "2013.07.14"]
[Round "8.27"]
[White "Battsetseg, Urjinbadam"]
[Black "Mominova, Leyla"]
[Result "1-0"]
[WhiteElo "1703"]
[BlackElo "1919"]
[PlyCount "57"]
[EventDate "2013.07.09"]

1. e4 c5 2. Nc3 Nc6 3. g3 d6 4. Bg2 Nf6 5. d3 e6 6. f4 Be7 7. Nf3 O-O 8. O-O a6
9. h3 Qc7 10. g4 b5 11. Ne2 Bb7 12. Ng3 Nd7 13. c3 Rac8 14. Qe1 Rfe8 15. Nh2 b4
16. Bd2 a5 17. Qf2 Nb6 18. f5 Bf6 19. g5 Be5 20. Ng4 Na4 21. f6 g6 22. Nxe5
Nxe5 23. Ne2 Nxd3 24. Qh4 Kh8 25. Qh6 Rg8 26. b3 Nb6 27. Nf4 Nxf4 28. Rxf4 Nd7
29. Qxh7+ 1-0

[Event "27th Summer Universiade 2013 Kazan,Russ"]
[Site "Kazan,Russia"]
[Date "2013.07.14"]
[Round "8.28"]
[White "Rebatenne, Boitshepo"]
[Black "Heinatz, Maria"]
[Result "0-1"]
[WhiteElo "1558"]
[BlackElo "1904"]
[PlyCount "94"]
[EventDate "2013.07.09"]

1. e4 c5 2. Nf3 e6 3. d4 cxd4 4. Nxd4 a6 5. Nc3 Qc7 6. a3 Nf6 7. Bd3 Bc5 8. Nf3
d6 9. Ne2 O-O 10. O-O b5 11. b4 Bb6 12. Bd2 Bb7 13. Ng3 Nbd7 14. Rc1 d5 15. Re1
Ng4 16. Rf1 Ndf6 17. Qe2 dxe4 18. Nxe4 Rfd8 19. Nxf6+ Nxf6 20. Bg5 Qc3 21. Ra1
h6 22. Bf4 Bc7 23. Bd2 Qc6 24. Rac1 Qd6 25. g3 Qc6 26. Kg2 Ng4 27. Rfe1 Ne5 28.
Be4 Qxe4 29. Qxe4 Bxe4 30. Rxe4 Nxf3 31. Kxf3 Rxd2 32. Re3 Bb6 33. Re2 Rxe2 34.
Kxe2 Rc8 35. c3 Bd4 36. f3 Rxc3 37. Rd1 Bf6 38. Rd3 Rxd3 39. Kxd3 Bb2 40. a4
bxa4 41. Kc2 a3 42. Kb3 g5 43. g4 f5 44. gxf5 exf5 45. h3 h5 46. Ka2 g4 47.
hxg4 fxg4 0-1

[Event "27th Summer Universiade 2013 Kazan,Russ"]
[Site "Kazan,Russia"]
[Date "2013.07.14"]
[Round "8.30"]
[White "Senanayake, P R."]
[Black "Botlhole, Kgalalelo"]
[Result "1/2-1/2"]
[WhiteElo "1775"]
[BlackElo "1767"]
[PlyCount "27"]
[EventDate "2013.07.09"]

1. d4 Nf6 2. Bf4 e6 3. e3 b6 4. Nd2 Bb7 5. Ngf3 Be7 6. h3 d6 7. Bd3 Nbd7 8. O-O
O-O 9. Re1 c5 10. c3 Re8 11. Nc4 Qc7 12. a4 Rad8 13. Qc2 Bxf3 14. gxf3 1/2-1/2

[Event "27th Summer Universiade in Kazan (Women)"]
[Site "Kazan"]
[Date "2013.07.15"]
[Round "9.1"]
[White "Batchimeg, Tuvshintugs"]
[Black "Zhao, Xue"]
[Result "1/2-1/2"]
[WhiteElo "2351"]
[BlackElo "2553"]
[PlyCount "52"]
[EventDate "2013.??.??"]

1. d4 Nf6 2. c4 e6 3. Nc3 Bb4 4. e3 O-O 5. Bd3 d5 6. Nf3 c5 7. O-O cxd4 8. exd4
dxc4 9. Bxc4 a6 10. a3 Be7 11. Ba2 Nc6 12. Re1 Qd6 13. d5 exd5 14. Nxd5 Nxd5
15. Qxd5 Bg4 16. Be3 Qg6 17. Bb1 Be6 18. Qxc6 bxc6 19. Bxg6 hxg6 20. Rac1 Rfb8
21. b4 a5 22. Nd4 Bd5 23. Nxc6 Bxc6 24. Rxc6 axb4 25. axb4 Rxb4 26. Rec1 Rba4
1/2-1/2

[Event "27th Summer Universiade in Kazan (Women)"]
[Site "Kazan"]
[Date "2013.07.15"]
[Round "9.2"]
[White "Ju, Wenjun"]
[Black "Guramishvili, Sopiko"]
[Result "1/2-1/2"]
[WhiteElo "2531"]
[BlackElo "2421"]
[PlyCount "48"]
[EventDate "2013.??.??"]

1. d4 d5 2. c4 c6 3. cxd5 cxd5 4. Bf4 Nf6 5. Nc3 Nc6 6. e3 Bf5 7. Qb3 Na5 8.
Qa4+ Bd7 9. Qc2 e6 10. Bd3 Nc6 11. a3 Nh5 12. Bg3 Nxg3 13. hxg3 h6 14. f4 Qa5
15. Nf3 Nb4 16. Qb1 Nxd3+ 17. Qxd3 Bd6 18. O-O O-O 19. Ne5 Rfd8 20. g4 Rac8 21.
Nxd7 Rxd7 22. f5 Qd8 23. fxe6 fxe6 24. Qg6 Qe8 1/2-1/2

[Event "27th Summer Universiade in Kazan (Women)"]
[Site "Kazan"]
[Date "2013.07.15"]
[Round "9.5"]
[White "Shen, Yang"]
[Black "Arabidze, Meri"]
[Result "1/2-1/2"]
[WhiteElo "2405"]
[BlackElo "2320"]
[PlyCount "72"]
[EventDate "2013.??.??"]

1. d4 f5 2. c4 Nf6 3. g3 e6 4. Bg2 c6 5. Nh3 d5 6. b3 Bb4+ 7. Bd2 Bd6 8. O-O
O-O 9. Bf4 Be7 10. Nd2 b6 11. Be5 a5 12. Nf4 Na6 13. Qc1 Bd7 14. f3 Rc8 15. Kh1
Qe8 16. a3 Qf7 17. Qb2 Rfd8 18. e4 dxe4 19. fxe4 Ng4 20. Rae1 Qf8 21. Nb1 Nxe5
22. dxe5 g6 23. exf5 exf5 24. g4 Qg7 25. gxf5 Bxf5 26. Nh5 Qh6 27. Nf6+ Kh8 28.
Nd7 Nc5 29. e6+ Qg7 30. Qxg7+ Kxg7 31. Nxb6 Rb8 32. Nd7 Nxd7 33. exd7 Rxd7 34.
Bxc6 Rc7 35. Bb5 Bxb1 36. Rxb1 Bxa3 1/2-1/2

[Event "27th Summer Universiade in Kazan (Women)"]
[Site "Kazan"]
[Date "2013.07.15"]
[Round "9.6"]
[White "Savina, Anastasia"]
[Black "Kazimova, Narmin"]
[Result "1-0"]
[WhiteElo "2368"]
[BlackElo "2208"]
[PlyCount "101"]
[EventDate "2013.??.??"]

1. d4 Nf6 2. c4 e6 3. Nf3 b6 4. g3 Ba6 5. Qb3 Be7 6. Bg2 O-O 7. d5 c6 8. Nc3
exd5 9. cxd5 cxd5 10. O-O Nc6 11. Re1 Rc8 12. Qa4 Bb7 13. Bf4 a6 14. Qd1 Ba8
15. Rc1 Na5 16. Qd3 b5 17. Nh4 Nc4 18. b3 Nb6 19. Nf5 Ba3 20. Rc2 Rc6 21. Nb1
Bb4 22. Rec1 Re8 23. a3 Bf8 24. Bc7 Rxc7 25. Rxc7 Bc6 26. R7xc6 dxc6 27. Rxc6
Nbd7 28. Qc2 Qa8 29. Rc7 Ne5 30. f4 Ng6 31. h3 Qb8 32. Rc6 Qa7+ 33. Kh2 Qf2 34.
e3 Qe1 35. Nd2 Ne7 36. Nf3 Qa5 37. Nh6+ gxh6 38. Rxf6 Bg7 39. Rd6 Ng6 40. Rxd5
Qxa3 41. e4 Ne7 42. Rd7 Rc8 43. Qd3 Nc6 44. Qd5 Qf8 45. e5 Nb4 46. Qb7 Rb8 47.
Qe4 Qc5 48. Nd4 Re8 49. Nf5 Bf8 50. Qb7 Qc2 51. Rxf7 1-0

[Event "27th Summer Universiade in Kazan (Women)"]
[Site "Kazan"]
[Date "2013.07.15"]
[Round "9.8"]
[White "Munguntuul, Batkhuyag"]
[Black "Umudova, Nargiz"]
[Result "0-1"]
[WhiteElo "2452"]
[BlackElo "2253"]
[PlyCount "116"]
[EventDate "2013.??.??"]

1. e4 c6 2. d4 d5 3. e5 Bf5 4. h4 h5 5. c4 e6 6. Nc3 Ne7 7. Bg5 dxc4 8. Bxc4
Nd7 9. Nge2 f6 10. exf6 gxf6 11. Be3 Nb6 12. Bd3 Nbd5 13. Nxd5 Nxd5 14. Bxf5
exf5 15. Nf4 Bb4+ 16. Kf1 Nxf4 17. Bxf4 Qd5 18. a3 Ba5 19. Rh3 O-O-O 20. Rd3
Qe4 21. Bg3 Rhg8 22. Qf3 Rge8 23. Re3 Qxf3 24. Rxf3 Rd5 25. Re3 Re4 26. Rxe4
fxe4 27. Bf4 Bb6 28. Be3 Bxd4 29. Bxd4 Rxd4 30. Ke2 Rd3 31. Rc1 Kd7 32. f3 f5
33. fxe4 fxe4 34. Rc5 Rb3 35. Rxh5 Rxb2+ 36. Ke3 Rxg2 37. Rh7+ Kc8 38. Kxe4 Ra2
39. h5 Rxa3 40. h6 Rh3 41. Kf5 a5 42. Kg6 a4 43. Re7 a3 44. h7 b5 45. Ra7 b4
46. Ra5 Rxh7 47. Kxh7 Kb7 48. Kg6 Kb6 49. Ra8 Kc5 50. Kf5 Kd4 51. Ke6 c5 52.
Ra4 Kc3 53. Kd5 Kb3 54. Ra8 c4 55. Kc5 c3 56. Rb8 a2 57. Rxb4+ Ka3 58. Kc4 a1=Q
0-1

[Event "27th Summer Universiade 2013 Kazan,Russ"]
[Site "Kazan,Russia"]
[Date "2013.07.15"]
[Round "9.9"]
[White "Girya, Olga"]
[Black "Kulon, Klaudia"]
[Result "0-1"]
[WhiteElo "2437"]
[BlackElo "2258"]
[PlyCount "112"]
[EventDate "2013.07.09"]

1. d4 Nf6 2. Nf3 g6 3. Bg5 Bg7 4. Nbd2 d5 5. e3 O-O 6. Bd3 Nbd7 7. O-O Re8 8.
Re1 e5 9. e4 dxe4 10. Nxe4 exd4 11. Bb5 c6 12. Bc4 Rf8 13. Qxd4 h6 14. Nxf6+
Nxf6 15. Qxd8 Rxd8 16. Bf4 Bf5 17. c3 b5 18. Bb3 c5 19. h3 c4 20. Bd1 Nd5 21.
Be5 b4 22. Bxg7 Kxg7 23. Ne5 bxc3 24. bxc3 Nxc3 25. Bf3 Rac8 26. Rec1 Nb5 27.
Nc6 Rd2 28. Rxc4 Na3 29. Ra4 Nc2 30. Rc1 Nd4 31. Rac4 Nxf3+ 32. gxf3 Be6 33.
R4c3 Rxa2 34. Nd4 Re8 35. Kg2 Bd5 36. Rc5 Re5 37. Rc7 Rd2 38. Nc2 Ree2 39. Ne1
Rxf2+ 40. Kg3 Rh2 41. R1c2 a6 42. R7c5 Be6 43. Rxd2 Rxd2 44. Rc6 a5 45. Ra6 Re2
46. Ng2 Ra2 47. Nf4 Bc4 48. Rc6 Rc2 49. Rc7 Bb3 50. Ra7 a4 51. Nd3 Rc3 52. Nf4
Bd1 53. Ne6+ Kf6 54. Nd4 Rd3 55. Rd7 Bxf3 56. Rd6+ Ke5 0-1

[Event "27th Summer Universiade 2013 Kazan,Russ"]
[Site "Kazan,Russia"]
[Date "2013.07.15"]
[Round "9.10"]
[White "Stojanovic, Andjelija"]
[Black "Mammadyarova, Turkan"]
[Result "1/2-1/2"]
[WhiteElo "2302"]
[BlackElo "2267"]
[PlyCount "32"]
[EventDate "2013.07.09"]

1. d4 d5 2. Bf4 e6 3. Nf3 Bd6 4. Bg3 Nf6 5. e3 O-O 6. Bd3 c5 7. c3 Nc6 8. Nbd2
cxd4 9. exd4 Qc7 10. O-O Bxg3 11. hxg3 e5 12. Nxe5 Nxe5 13. dxe5 Qxe5 14. Re1
Qd6 15. Nf3 Bg4 16. Qc2 Rfe8 1/2-1/2

[Event "27th Summer Universiade 2013 Kazan,Russ"]
[Site "Kazan,Russia"]
[Date "2013.07.15"]
[Round "9.11"]
[White "Davletbayeva, Madina"]
[Black "Kalinina, Olga"]
[Result "1/2-1/2"]
[WhiteElo "2260"]
[BlackElo "2292"]
[PlyCount "106"]
[EventDate "2013.07.09"]

1. e4 c5 2. Nf3 e6 3. c3 d5 4. exd5 Qxd5 5. d4 Nf6 6. Be2 b6 7. O-O Bb7 8. c4
Qd6 9. Nc3 a6 10. dxc5 Qxc5 11. Na4 Qc7 12. Be3 Nbd7 13. Qb3 Rb8 14. h3 Be7 15.
Rfd1 O-O 16. Rac1 Nc5 17. Nxc5 bxc5 18. Qc2 Bc6 19. b3 a5 20. Nd2 a4 21. Bf3
axb3 22. axb3 Be8 23. Bg5 Bc6 24. Bxc6 Qxc6 25. Nf3 Rb7 26. Ne5 Qc8 27. Rd3 h6
28. Bh4 Rd8 29. Rcd1 Qc7 30. Rxd8+ Bxd8 31. Bg3 Qb6 32. Nc6 Rd7 33. Rxd7 Nxd7
34. Nxd8 Qxd8 35. Qd2 f6 36. Qd6 Kf7 37. b4 cxb4 38. Qxb4 e5 39. Qd2 Qc7 40.
Qd5+ Kf8 41. f4 exf4 42. Be1 g5 43. Bb4+ Kg7 44. Bd6 Qa7+ 45. c5 Qa1+ 46. Kh2
Qc3 47. Qe4 Ne5 48. Bxe5 fxe5 49. c6 Kf6 50. Qd5 Qg3+ 51. Kh1 Qe1+ 52. Kh2 Qg3+
53. Kh1 Qe1+ 1/2-1/2

[Event "27th Summer Universiade 2013 Kazan,Russ"]
[Site "Kazan,Russia"]
[Date "2013.07.15"]
[Round "9.12"]
[White "Soloviova, Lisa"]
[Black "Sgircea, Silvia-Raluca"]
[Result "1-0"]
[WhiteElo "2296"]
[BlackElo "2261"]
[PlyCount "91"]
[EventDate "2013.07.09"]

1. Nf3 c5 2. d3 g6 3. g3 Bg7 4. Bg2 Nc6 5. e4 d6 6. Nbd2 e5 7. c3 Nge7 8. O-O
O-O 9. a3 h6 10. Ne1 Be6 11. b4 Qd7 12. Bb2 Rac8 13. Nc2 f5 14. f4 b6 15. b5
Nd8 16. c4 Kh7 17. a4 Ng8 18. a5 exf4 19. Bxg7 Qxg7 20. gxf4 bxa5 21. Rxa5 Rc7
22. Ra6 Rd7 23. Qa1 Nf6 24. Ne3 Rff7 25. Nd5 Ne8 26. Qxg7+ Kxg7 27. e5 dxe5 28.
fxe5 Nc7 29. Nxc7 Rxc7 30. Rfa1 Rfe7 31. Rd6 Nf7 32. Raa6 Bc8 33. Rxg6+ Kh7 34.
Raf6 Nxe5 35. Rxh6+ Kg7 36. Nf3 Nf7 37. Rhg6+ Kh7 38. Nh4 Nh8 39. Rh6+ Kg7 40.
Bd5 Re1+ 41. Kf2 Re5 42. Nf3 Re8 43. Ng5 Rce7 44. Bf3 Rd8 45. Rc6 Nf7 46. Rh7+
1-0

[Event "27th Summer Universiade 2013 Kazan,Russ"]
[Site "Kazan,Russia"]
[Date "2013.07.15"]
[Round "9.13"]
[White "Vo, Thi Kim Phung"]
[Black "Andrenko, Irina"]
[Result "1-0"]
[WhiteElo "2199"]
[BlackElo "2253"]
[PlyCount "141"]
[EventDate "2013.07.09"]

1. d4 Nf6 2. Bf4 g6 3. e3 Bg7 4. Nf3 O-O 5. h3 d6 6. Be2 Nbd7 7. O-O Qe8 8. c4
e5 9. Bh2 Ne4 10. Na3 c6 11. Re1 f5 12. Qb3 Kh8 13. Rad1 Qe7 14. Qc2 a5 15. Nb1
g5 16. Bd3 Nxf2 17. Qxf2 e4 18. Nxg5 Qxg5 19. Bf4 Qg6 20. Bf1 Rd8 21. Nc3 Nf6
22. Qh4 Be6 23. Be2 Bf7 24. Rd2 Rg8 25. b3 Rad8 26. Rf1 Rd7 27. Bd1 Nh5 28.
Bxh5 Qxh5 29. Qxh5 Bxh5 30. Kh2 Re8 31. Bg5 Rf7 32. Na4 h6 33. Bf4 Kh7 34. Bxd6
b5 35. Nc5 Bg6 36. a4 b4 37. Rdf2 Ra7 38. g4 fxg4 39. hxg4 Kg8 40. Kh3 h5 41.
g5 Kh7 42. Bf8 Bh8 43. Kh4 Kg8 44. Bh6 Kh7 45. Kg3 Rae7 46. Rf8 Rxf8 47. Bxf8
Re8 48. Bd6 Kg8 49. Bc7 Ra8 50. Rf4 Bg7 51. Nxe4 Re8 52. Kf3 Rf8 53. Rxf8+ Bxf8
54. Nf6+ Kf7 55. e4 h4 56. Bxa5 Be7 57. Bc7 Bxf6 58. gxf6 Bh5+ 59. Ke3 c5 60.
a5 cxd4+ 61. Kxd4 Bg4 62. a6 Bc8 63. a7 Bb7 64. Ke5 h3 65. Kf5 Bc8+ 66. Kg5 Bb7
67. Bh2 Bxe4 68. Kf4 Bg2 69. Ke5 Bf3 70. c5 Bg2 71. Kd6 1-0

[Event "27th Summer Universiade 2013 Kazan,Russ"]
[Site "Kazan,Russia"]
[Date "2013.07.15"]
[Round "9.14"]
[White "Chirivi C, Jenny Astrid"]
[Black "Martinez, Ayelen"]
[Result "1-0"]
[WhiteElo "2205"]
[BlackElo "2103"]
[PlyCount "101"]
[EventDate "2013.07.09"]

1. d4 Nf6 2. c4 g6 3. Nc3 Bg7 4. e4 d6 5. f3 O-O 6. Be3 Nbd7 7. Qd2 c5 8. Nge2
a6 9. d5 Ne5 10. Ng3 e6 11. a4 Qa5 12. dxe6 Bxe6 13. Nd5 Qxd2+ 14. Bxd2 Nxd5
15. exd5 Bd7 16. Be2 b5 17. axb5 axb5 18. Rxa8 Rxa8 19. cxb5 c4 20. b6 Nd3+ 21.
Bxd3 cxd3 22. Bc3 Bh6 23. Kf2 Ba4 24. Ne4 f5 25. b7 Rb8 26. Nd2 Rxb7 27. Ra1
Be8 28. Nc4 Bf8 29. Ke3 Rb5 30. Ra5 Rxa5 31. Bxa5 Bf7 32. Nb6 Bg7 33. b3 g5 34.
Kxd3 h5 35. Kc4 h4 36. Nc8 h3 37. gxh3 Bf8 38. Bd2 Bh5 39. Bxg5 Bxf3 40. Bf4
Be2+ 41. Kd4 Bd1 42. b4 Bg7+ 43. Kd3 Bb3 44. Bxd6 Kf7 45. Nb6 Kg6 46. Bf4 Kf7
47. d6 Bf6 48. Nd7 Bg7 49. Nc5 Bd5 50. d7 Bf6 51. Bc7 1-0

[Event "27th Summer Universiade 2013 Kazan,Russ"]
[Site "Kazan,Russia"]
[Date "2013.07.15"]
[Round "9.16"]
[White "De Seroux, Camille"]
[Black "Przezdziecka, Marta"]
[Result "0-1"]
[WhiteElo "2118"]
[BlackElo "2297"]
[PlyCount "94"]
[EventDate "2013.07.09"]

1. e4 c5 2. Nf3 a6 3. c4 e6 4. Nc3 Qc7 5. a3 b6 6. d4 cxd4 7. Nxd4 Nf6 8. Be2
Bb7 9. f3 Be7 10. Be3 d6 11. Rc1 O-O 12. O-O Nbd7 13. Kh1 Rac8 14. Re1 Qb8 15.
Bf1 Rfe8 16. Qb3 Bd8 17. Bg1 Bc7 18. Qa2 h6 19. b4 Qa8 20. Qb2 Ne5 21. Nb3 Qb8
22. Red1 g5 23. Na4 Nfd7 24. Bd4 Ng6 25. c5 dxc5 26. bxc5 Bxh2 27. cxb6 Qf4 28.
Bf2 Nf6 29. Nac5 Nh5 30. Qd2 Ng3+ 31. Bxg3 Qxg3 32. Qe1 Qb8 33. Nd7 Qf4 34.
Nf6+ Qxf6 35. Kxh2 Nh4 36. Qg3 Qb2 37. Rxc8 Rxc8 38. Rd7 Bc6 39. Rc7 Rd8 40.
Rxc6 Qxb3 41. Bxa6 Rd2 42. Rc8+ Kh7 43. Be2 Rxe2 44. Rc1 Qxb6 45. Rg1 Rc2 46.
f4 Qf2 47. Qd3 Nf3+ 0-1

[Event "27th Summer Universiade 2013 Kazan,Russ"]
[Site "Kazan,Russia"]
[Date "2013.07.15"]
[Round "9.17"]
[White "Vasile, Teodora"]
[Black "Dolzhykova, Kateryna"]
[Result "1/2-1/2"]
[WhiteElo "1938"]
[BlackElo "2296"]
[PlyCount "20"]
[EventDate "2013.07.09"]

1. e4 c5 2. Nf3 d6 3. d4 cxd4 4. Nxd4 Nf6 5. Nc3 g6 6. Be2 Bg7 7. O-O O-O 8.
Be3 Nc6 9. Nb3 Be6 10. f4 a5 1/2-1/2

[Event "27th Summer Universiade 2013 Kazan,Russ"]
[Site "Kazan,Russia"]
[Date "2013.07.15"]
[Round "9.18"]
[White "Kulovana, Eva"]
[Black "Rothebarth, Ana Vitoria De Pau"]
[Result "1-0"]
[WhiteElo "2272"]
[BlackElo "2034"]
[PlyCount "71"]
[EventDate "2013.07.09"]

1. e4 e5 2. Nf3 Nc6 3. Bb5 a6 4. Ba4 Nf6 5. O-O b5 6. Bb3 Be7 7. d4 d6 8. c3
O-O 9. Nbd2 Bg4 10. h3 Bh5 11. d5 Nb8 12. a4 Nbd7 13. Bc2 Qc8 14. Re1 c5 15. b3
Re8 16. Nf1 Bf8 17. g4 Bg6 18. Ng3 h6 19. Nh4 Kh7 20. Kg2 b4 21. c4 Qd8 22.
Nhf5 Bxf5 23. exf5 Be7 24. h4 Kg8 25. g5 Nh7 26. f6 Bf8 27. fxg7 Bxg7 28. Nf5
hxg5 29. hxg5 Ndf8 30. Qh5 e4 31. Nxg7 Kxg7 32. Bxe4 Qd7 33. Bb2+ Kg8 34. Re3
Ng6 35. Bxg6 Rxe3 36. Bxh7+ 1-0

[Event "27th Summer Universiade 2013 Kazan,Russ"]
[Site "Kazan,Russia"]
[Date "2013.07.15"]
[Round "9.19"]
[White "Dudas, Eszter"]
[Black "Mona, Khaled"]
[Result "1-0"]
[WhiteElo "2266"]
[BlackElo "2100"]
[PlyCount "155"]
[EventDate "2013.07.09"]

1. e4 e5 2. Nf3 Nc6 3. Bb5 Nge7 4. O-O d6 5. d4 Bd7 6. d5 Nb8 7. Bxd7+ Nxd7 8.
c4 g6 9. Nc3 Bg7 10. Be3 h6 11. Nd2 f5 12. exf5 gxf5 13. Qh5+ Kf8 14. f3 Nf6
15. Qh3 Qe8 16. Rac1 a6 17. b4 Qg6 18. Nb3 f4 19. Bf2 Rd8 20. Nd2 Nh7 21. Nde4
Ng5 22. Nxg5 hxg5 23. Qg4 Nf5 24. Ne4 Rh5 25. c5 Nh6 26. Qe6 Qxe6 27. dxe6 d5
28. g4 fxg3 29. Nxg3 Rh4 30. c6 b6 31. a3 Ke7 32. Rfd1 Bf6 33. Ne2 Rh3 34. Kg2
g4 35. Nc3 Kxe6 36. Bxb6 e4 37. Bxc7 Rh8 38. Nxd5 gxf3+ 39. Kf1 Be5 40. Nf4+
Bxf4 41. Bxf4 Nf5 42. c7 e3 43. Rd8 e2+ 44. Kf2 Ne7 45. c8=Q+ Nxc8 46. Rdxc8
Rxc8 47. Rxc8 Kd5 48. Bg3 Kd4 49. Rc1 Kd3 50. Kxf3 Rh6 51. h4 Re6 52. h5 Kd2
53. Bf4+ Kd3 54. Re1 Re4 55. h6 Re7 56. Kg4 Rd7 57. Kg5 Rf7 58. Rh1 Ke4 59. Re1
Kd3 60. Bg3 Kd2 61. Rxe2+ Kxe2 62. Be5 Kd3 63. Kg6 Rf1 64. h7 Rh1 65. h8=Q Rxh8
66. Bxh8 Kc4 67. Bf6 Kb3 68. Bb2 Ka4 69. Kf5 a5 70. Bc3 Kb5 71. Ke6 axb4 72.
axb4 Kc6 73. Bd4 Kb7 74. b5 Kb8 75. Kd7 Kb7 76. b6 Ka8 77. Kc6 Kb8 78. Be5+ 1-0